Medications by Letter - I - Statistics

General Stats
  • This quiz has been taken 13 times
  • The average score is 6 of 20
Answer Stats
Hint Answer % Correct
Non-steroidal anti-inflammatory drug (NSAID), commonly prescribed for pain Ibuprofen
92%
Vitamin A analog given for severe acne cases; avoided in pregnancy Isotretinoin
58%
Short-acting muscarinic antagonist, used in inhaled form for COPD Ipratropium
50%
Antibiotic given for tuberculosis, part of the RIPE regimen Isoniazid
50%
Nitrate, used for angina as well as heart failure Isosorbide mononitrate/dinitrate
50%
Antibiotic of the carbapenem (β-lactam) class Imipenem
33%
Angiotensin receptor blocker (ARB), used for hypertension Irbesartan
33%
Anti-fungal agent in the -azole class Itraconazole
33%
Slows heart rate by blocking the "funny" current in the SA node Ivabradine
25%
Antiparasitic agent used for strongyloidiasis Ivermectin
25%
Class III antiarrhythmic Ibutilide
17%
Monoclonal antibody used to reverse the anticoagulant dabigatran Idarucizumab
17%
Prostacyclin analog, used for pulmonary hypertension Iloprost
17%
Immunotherapy for cancer, targeting CTLA4 Ipilimumab
17%
Topoisomerase inhibitor, used as chemotherapy for cancers Irinotecan
17%
Monoamine oxidase (MAO) inhibitor, used for depression Isocarboxazid
17%
BTK inhibitor, used for chronic lymphocytic leukemia Ibrutinib
8%
Monoclonal antibody targeting TNF, used for multiple autoimmune conditions Infliximab
8%
Luminal-acting agent used for Entamoeba histolytica infection Iodoquinol
8%
Monoclonal antibody targeting IL-17A, used for psoriasis Ixekizumab
8%
No matching quizzes found
Score Distribution
Percent of People with Each Score
Percentile by Number Answered
Your Score History
You have not taken this quiz